Statistics for NFL Standings Quiz

Click here to take the quiz!

General Stats

  • This quiz has been taken 22 times
  • The average score is 29 of 32

Answer Stats

StandingsRatio/DecimalTeam% Correct
0-110.000Jets
100%
5-60.455Bears
94%
2-8-10.227Bengals
94%
7-40.636Colts
94%
3-80.273Cowboys
94%
3-7-10.318Eagles
94%
1-100.091Jaguars
94%
4-70.364Lions
94%
4-80.333Panthers
94%
9-20.818Saints
94%
8-30.727Titans
94%
5-60.455Vikings
94%
5-60.45549ers
89%
4-70.364Broncos
89%
6-50.545Cardinals
89%
3-80.273Chargers
89%
10-10.909Chiefs
89%
7-40.636Dolphins
89%
8-30.727Packers
89%
5-60.455Patriots
89%
6-50.545Raiders
89%
7-40.636Rams
89%
6-50.545Ravens
89%
8-30.727Seahawks
89%
11-01.000Steelers
89%
4-70.364Texans
89%
8-30.727Browns
83%
7-50.583Buccaneers
83%
4-70.364Giants
83%
4-70.364Washington
83%
8-30.727Bills
78%
4-70.364Falcons
78%

Score Distribution

Percentile by Number Answered

Percent of People with Each Score

Your Score History

You have not taken this quiz